Word Ladder: The Other Side of the Coin Quiz Stats

Quiz Updated Oct 3, 2016

Challenge
Share
Tweet
Embed
Score 0/45 Timer 05:00
1 Play Today
Hint 4-Letter Word % Correct
Head of the Roman Catholic ChurchPOPE
97.9%
FinishedDONE
96.7%
Clenched handFIST
96.2%
❦ Skeleton component ❦BONE
96%
Chardonnay, Cabernet, or Merlot, e.g.WINE
96%
Above average speedFAST
95.8%
Monopoly, Chess, or Clue(do), e.g.GAME
95.6%
❦ Air current ❦WIND
94.7%
❦ Hinged doorway in fence ❦GATE
94.2%
To have viewedSEEN
93.4%
Actors in a playCAST
93.3%
Be consumed by fireBURN
93.2%
Goatee locationCHIN
92.8%
❦ Avian symbol of peace ❦DOVE
92.6%
❦ Pisces ❦FISH
92.6%
Strong cord of twisted fiber strandsROPE
92.3%
Galadriel actress BlanchettCATE
92%
Leg front below the kneeSHIN
91.9%
❦ Revolve, rotate ❦TURN
91.7%
Sensible and knowledgeableWISE
91.5%
Small, sheltered bayCOVE
91.5%
To have existedBEEN
91.4%
Deal effectively with hardshipCOPE
91.2%
Hint 4-Letter Word % Correct
❦ Small statured horse ❦PONY
91.1%
Strong desire or hope WISH
90.5%
Legal action decided in court CASE
90.3%
Internet conversationCHAT
90.1%
Join securely to something elseBOND
90%
Capital of SwitzerlandBERN
89.6%
Combustible black mineralCOAL
89.4%
Problematical situationBIND
88.9%
Ready for reaping or eatingRIPE
88.5%
❦ An animal's covering of fur ❦COAT
88.3%
❦ Whirl around quickly ❦SPIN
87.3%
Unleavened cornbread PONE
86.1%
❦ Meerschaum or corn cob, e.g. ❦PIPE
85.9%
Informal voucher or receiptCHIT
85.7%
Astin, Hannity, or Bean, e.g.SEAN
85.5%
Full extent from end to endSPAN
78.5%
Not exciting or adventurousTAME
75.8%
Spiral or sequence of ringsCOIL
73.8%
Exhausting physical laborTOIL
71.4%
Small mountain lakeTARN
66.9%
Unladen vehicle weightTARE
66.6%
❦❦ COMMON BOND ❦❦TAIL
46%

Today's Daily Dose

Missing Word
Actress of Thrones

Word Ladder
Black Phrases

Quick Pick
'B' Beverages

On This Day
February 21st II

You're not logged in!

Compare scores with friends on all Sporcle quizzes.
Sign Up with Email
OR
Log In

You Might Also Like...

Show Comments

Extras

Top Quizzes Today


Score Distribution

Your Account Isn't Verified!

In order to create a playlist on Sporcle, you need to verify the email address you used during registration. Go to your Sporcle Settings to finish the process.